Statistiques concernant Culture Générale - Série 1563

Cliquez ici pour prendre le quiz!

Statistiques générales

  • Ce quiz a été pris 51 fois
  • Le résultat moyen est 4 sur 10

Statistiques - réponses

QuestionRéponse% Correct
Quelles averses soudaines, accompagnées de grêle et suivies d'éclaircies, associe-t-on au mois de mars ?giboulées
96%
Dans quel pays est né le peintre Dada, Max Ernst ?Allemagne
81%
Quel est le nom du réalisateur de "Pulp Fiction" et de "Inglourious Basterds" ?Quentin Tarantino
64%
En cuisine,quel prénom féminin donne-t-on à la spatule qui sert à racler les fonds de plats, casseroles ?Maryse
36%
À quel philosophe hollandais doit-on le traité intitulé “L'Éthique” et publié en 1677 ?Baruch Spinoza
36%
Dans la série "Victor Sauvage", quel présentateur télé joue le rôle du vétérinaire ?Jean-Luc Reichmann
34%
Quel auteur russe, prénommé Nicolas, a écrit “Les Âmes mortes” en 1842 ?Nicolas Gogol
32%
De 1963 à 1989, quel syndicaliste est secrétaire général de Force ouvrière ?André Bergeron
19%
De quel pays est originaire l'artiste américain Christo, connu pour ses objets empaquetés, notamment le Pont Neuf à Paris ?Bulgarie
11%
Comment s'appelle le maître de Cubitus, le chien de la bande dessinée signée Dupa ?Sémaphore
9%

Distribution des résultats

Percentile par nombre de réponses

% des personnes avec chaque résultat

Votre développement - résultats

Vous n’avez pas pris ce quiz